<?xml version="1.0" encoding="UTF-8"?><?xml-stylesheet type="text/xsl" href="static/style.xsl"?><OAI-PMH xmlns="http://www.openarchives.org/OAI/2.0/" xmlns:xsi="http://www.w3.org/2001/XMLSchema-instance" xsi:schemaLocation="http://www.openarchives.org/OAI/2.0/ http://www.openarchives.org/OAI/2.0/OAI-PMH.xsd"><responseDate>2026-04-13T03:03:55Z</responseDate><request verb="GetRecord" identifier="oai:www.recercat.cat:10230/35889" metadataPrefix="marc">https://recercat.cat/oai/request</request><GetRecord><record><header><identifier>oai:recercat.cat:10230/35889</identifier><datestamp>2025-12-24T08:42:36Z</datestamp><setSpec>com_2072_6</setSpec><setSpec>col_2072_452952</setSpec></header><metadata><record xmlns="http://www.loc.gov/MARC21/slim" xmlns:dcterms="http://purl.org/dc/terms/" xmlns:xsi="http://www.w3.org/2001/XMLSchema-instance" xmlns:doc="http://www.lyncode.com/xoai" xsi:schemaLocation="http://www.loc.gov/MARC21/slim http://www.loc.gov/standards/marcxml/schema/MARC21slim.xsd">
   <leader>00925njm 22002777a 4500</leader>
   <datafield ind2=" " ind1=" " tag="042">
      <subfield code="a">dc</subfield>
   </datafield>
   <datafield ind2=" " ind1=" " tag="720">
      <subfield code="a">López-Serrano, Sonia</subfield>
      <subfield code="e">author</subfield>
   </datafield>
   <datafield ind2=" " ind1=" " tag="720">
      <subfield code="a">Roca de Larios, Julio</subfield>
      <subfield code="e">author</subfield>
   </datafield>
   <datafield ind2=" " ind1=" " tag="260">
      <subfield code="c">2018-11-29T12:33:17Z</subfield>
   </datafield>
   <datafield ind2=" " ind1=" " tag="260">
      <subfield code="c">2018-11-29T12:33:17Z</subfield>
   </datafield>
   <datafield ind2=" " ind1=" " tag="260">
      <subfield code="c">2011</subfield>
   </datafield>
   <datafield ind2=" " ind1=" " tag="520">
      <subfield code="a">En este trabajo presentamos una serie de consideraciones prácticas sobre la elaboración y el empleo del portafolios del estudiante como alternativa metodológica en la enseñanza universitaria. Delimitamos, en primer lugar, lo que se entiende por portafolios y señalamos las principales ventajas e inconvenientes que se le atribuyen. Describimos a continuación las etapas que se aconseja cubrir a la hora de introducir el portafolios del alumno como innovación metodológica, e ilustraremos cada una de estas fases con algunos ejemplos extraídos de un proyecto en el que se utilizó el portafolios para la enseñanza de la&#xd;
pronunciación del inglés en la universidad de Murcia. En una sección posterior, damos cuenta de los resultados de ese proyecto a partir de un breve análisis del contenido de los portafolios producidos por los alumnos y de sus percepciones a la hora de elaborarlos. Completamos el trabajo con un conjunto de recomendaciones relativas a la implantación del portafolios del alumno como recurso didáctico en la universidad.</subfield>
   </datafield>
   <datafield ind2=" " ind1=" " tag="520">
      <subfield code="a">Dans ce travail, nous présentons une série de considérations pratiques sur l’élaboration et l’utilisation du portfolio de l’étudiant comme alternative méthodologique dans l’enseignement universitaire. En premier lieu, nous délimitons ce qu’on entend par portfolio, puis nous signalons les principaux avantages et inconvenients qui lui sont attribués. Ensuite, nous décrivons les étapes qu’il est conseillé de suivre lors de l’introduction du portolio de l’étudiant comme innovation méthodoloqique, et après cela nous illustrerons chacune de ces phases à l’aide de quelques exemples tirés d’un projet dans lequel le portfolio a été utilisé pour l’enseignement de la prononciation de l’anglais à l’université de Murcia. Nous continuons en rendant compte des résultats de ce projet à partir d’une brève analyse du contenu des portfolios produits par les étudiants ainsi que de leurs perceptions pendant le processus d’élaboration de ceux-ci. Finalement, nous complétons notre travail par une série de recommendations en relation avec l’implantation à l’université du portfoloio de l’étudiant comme recours didactique.</subfield>
   </datafield>
   <datafield ind2=" " ind1=" " tag="520">
      <subfield code="a">The present paper is intended as an empirically motivated discussion of some practical considerations on the use of students’ portfolios as a methodological alternative to current university pedagogical practices. After describing the defining characteristics of the portfolio as well as its purported advantages and drawbacks, the main stages involved in its elaboration and use are discussed and illustrated with examples from a portfolio-based project aimed to teach English pronunciation at the University of Murcia. A brief analysis is then presented of the content of the portfolios produced by the students taking part in that project, followed by a summary of their perceptions on the elaboration process. Finally, a number of pedagogical recommendations are suggested as to the use of students’ portfolios for syllabus planning and implementation.</subfield>
   </datafield>
   <datafield ind2=" " ind1=" " tag="520">
      <subfield code="a">El presente trabajo forma parte de un proyecto de investigación, financiado por el Ministerio de Ciencia e Innovación (FF12009-14155), titulado “Estrategias de uso en la adquisición formal del inglés como L2: uso, entrenamiento y resultados de aprendizaje”.</subfield>
   </datafield>
   <datafield tag="653" ind2=" " ind1=" ">
      <subfield code="a">Portafolios</subfield>
   </datafield>
   <datafield tag="653" ind2=" " ind1=" ">
      <subfield code="a">Etapas de elaboración</subfield>
   </datafield>
   <datafield tag="653" ind2=" " ind1=" ">
      <subfield code="a">Repuesta de los alumnos</subfield>
   </datafield>
   <datafield tag="653" ind2=" " ind1=" ">
      <subfield code="a">Pronunciación del inglés</subfield>
   </datafield>
   <datafield tag="653" ind2=" " ind1=" ">
      <subfield code="a">Portolio</subfield>
   </datafield>
   <datafield tag="653" ind2=" " ind1=" ">
      <subfield code="a">Étapes d’élaboration</subfield>
   </datafield>
   <datafield tag="653" ind2=" " ind1=" ">
      <subfield code="a">Réponse des élèves</subfield>
   </datafield>
   <datafield tag="653" ind2=" " ind1=" ">
      <subfield code="a">Prononciation de l’anglais</subfield>
   </datafield>
   <datafield tag="653" ind2=" " ind1=" ">
      <subfield code="a">Elaboration stages</subfield>
   </datafield>
   <datafield tag="653" ind2=" " ind1=" ">
      <subfield code="a">Student’s perceptions</subfield>
   </datafield>
   <datafield tag="653" ind2=" " ind1=" ">
      <subfield code="a">English pronunciation</subfield>
   </datafield>
   <datafield ind2="0" ind1="0" tag="245">
      <subfield code="a">Consideraciones prácticas sobre la elaboración del portafolios del estudiante: su aplicación al aprendizaje de la pronunciación del inglés</subfield>
   </datafield>
   <datafield ind2="0" ind1="0" tag="245">
      <subfield code="a">Considérations pratiques sur l’élaboration du portfolio de l’étudiant: son application à l’apprentissage de la prononciation de l’anglais</subfield>
   </datafield>
   <datafield ind2="0" ind1="0" tag="245">
      <subfield code="a">Some practical considerations on students’ portfolios and its application in teaching and learning English pronunciation</subfield>
   </datafield>
</record></metadata></record></GetRecord></OAI-PMH>